K niektorým otázkam zdokonalenia nástrojov hospodárenia vnútropodnikových útvarov

Enregistré dans:
Détails bibliographiques
Auteur principal: Maděra, František
Format: Chapitre de livre
Langue:slovaque
Tags: Ajouter un tag
Pas de tags, Soyez le premier à ajouter un tag!

MARC

LEADER 00000naa$a2200000$$$4500
001 0109239
005 20240502072216.1
041 0 |a slo 
044 |a SK 
245 1 0 |a K niektorým otázkam zdokonalenia nástrojov hospodárenia vnútropodnikových útvarov  |c František Maděra 
100 1 |a Maděra, František